ბათუმის შოთა რუსთაველის სახელმწიფო უნივერსიტეტის ბიბლიოთეკა

მეგრულის ლინგვისტური ანალიზი. (ბიბ.ჩანაწერი № 38478)

000 -ლიდერი
ფიქსირებული სიგრძის საკონტროლო ველი 01182nam a2200277Ia 4500
001 - საკონტროლო ნომერი
საკონტროლო ველი 4491
003 - საკონტროლო ნომრის იდენტიფიკატორი
საკონტროლო ველი GE_BSU
005 - ბოლო ოპერაციის თარიღი და დრო
საკონტროლო ველი 20191016162020.0
008 - ფიქსირებული სიგრძის მონაცემთა ელემენტები - ზოგადი ინფორმაცია
ფიქსირებული სიგრძის საკონტროლო ველი 181216s2010||||ge |||||||||||||| ||geo||
020 ## - წიგნის საერთაშორისო სტანდარტული ნომერი
International Standard Book Number 9789941102912
040 ## - კატალოგიზაციის წყარო
Transcribing agency GE_BSU
041 ## - ენის კოდი
Language code of text/sound track or separate title geo
080 ## - უნივერსალური ათობითი კლასიფიკაციის ინდექსი
Universal Decimal Classification number 811.353.32 მ–47
245 ## - ცნობა სათაურის შესახებ
Title მეგრულის ლინგვისტური ანალიზი.
264 ## - წარმოების, გამოცემის, დისტრიბუციის და სხვა ცნობები
გამოცემის, წარმოების, დისტრიბუციის... ადგილი თბილისი :
გამოცემის, წარმოების, დისტრიბუციის... სახელწოდება მერიდიანი,
გამოცემის, წარმოების, დისტრიბუციის... თარიღი 2010.
300 ## - ფიზიკური აღწერა
Extent 698 გვ. ;
Other physical details 24 სმ.
500 ## - ზოგადი შენიშვნა
General note პროექტი განხორციელდა ილიას სახელმწიფო უნ–ტში
504 ## - BIBLIOGRAPHY, ETC. NOTE
Bibliography, etc ბიბლიოგრ. : გვ. 663-695
653 ## - INDEX TERM--UNCONTROLLED
Uncontrolled term მეგრული ტექსტები
653 ## - INDEX TERM--UNCONTROLLED
Uncontrolled term სამეგრელოს ეთნოგრაფია
700 ## - ADDED ENTRY--PERSONAL NAME
Personal name კარტოზია, გ.
Relator term ავტორი
9 (RLIN) 4756
700 ## - ADDED ENTRY--PERSONAL NAME
Personal name გერსამია, რუსუდან
Relator term ავტორი
9 (RLIN) 4757
700 ## - ADDED ENTRY--PERSONAL NAME
Personal name ლომია, მაია
Relator term ავტორი
9 (RLIN) 4758
700 ## - ADDED ENTRY--PERSONAL NAME
Personal name ცხადაია, თაია
Relator term ავტორი
9 (RLIN) 4759
942 ## - ADDED ENTRY ELEMENTS (KOHA)
Koha item type წიგნი
Source of classification or shelving scheme
ეგზემპლარები
ჩამოწერის სტატუსი დაკარგული ეგზემპლარის სტატუსი კლასიფიკაციის წყარო ან თაროზე გაწყობის სქემა დაზიანების სტატუსი არ გაიცემა მუდმივი მდებარეობა (დაცვის ადგილი) ამჟამინდელი ადგილსამყოფელი თაროზე განთავსების ადგილი შეძენის თარიღი სრული შენახვის შიფრი შტრიხკოდი ბოლო ოპერაციის თარიღი ეგზემპლარის მიმდევრობითი ნომერი (კეტერი?) ფასის ძალაში შესვლის თარიღი ეგზემპლარის სახეობა საჯარო შენიშვნა
          ბათუმის შოთა რუსთაველის სახელმწიფო უნივერსიტეტის მთავარი ბიბლიოთეკა ბათუმის შოთა რუსთაველის სახელმწიფო უნივერსიტეტის მთავარი ბიბლიოთეკა წიგნსაცავი 2018-12-17 811.353.32 მ–47 6062 2018-12-17 6062 2018-12-17 წიგნი